| 000 | 01131nas a2200349 4500 | ||
|---|---|---|---|
| 001 | BR2015001373 | ||
| 003 | BR-BrBNA | ||
| 005 | 20231205125058.0 | ||
| 007 | ta | ||
| 008 | 230509b bl.|||p| |||| 00| 00por d | ||
| 040 |
_aBR-BrBNA _bpor _cBiblioteca Nacional de Agricultura |
||
| 041 | _a(Pt) | ||
| 072 | _aH10 | ||
| 100 | 1 | _aBarbosa, L. da F. | |
| 100 | 1 | _aMarubayashi, J.M. | |
| 100 | 1 | _aDe Marchi, B.R. | |
| 100 | 1 | _aPavan, M.A. | |
| 100 | 1 | _aSakate, R.K. | |
| 100 | 1 | _aLima, G.S. de A. | |
| 100 | 1 | _aAssunção, I.P. de | |
| 245 | 1 | _aIdentificação de espécies de mosca-branca em batata-doce (Ipomoea batatas (l.)Lam.)pela análise do gene mitocondrial citocromo oxidase I | |
| 650 | _aBATATA DOCE | ||
| 650 | _aIPOMOEA BATATAS | ||
| 650 | _aMOSCA BRANCA | ||
| 650 | _aPLANTA HOSPEDEIRA | ||
| 650 | _aGENE | ||
| 650 | _aANALISE | ||
| 773 | 0 |
_tRevista Raízes e Amidos Tropicais (Brazil) _xISSN 1808-981X _g(2014), v. 10(1) p. 100-109 _wBR2015001373 |
|
| 856 | 4 | 0 | _uhttp://energia.fca.unesp.br/index.php/rat/article/view/1875/1075 |
| 909 |
_a202311 _bLúcia _c55 _dLúcia Elande |
||
| 942 |
_2AGRIS _n0 _cANA |
||
| 999 |
_c242504 _d242504 |
||